Datum a čas kvízu
20
Celkem bodů
Celkový počet nahraných bodů na tomto kvízu bez doplňovacích otázek.
7.
Pořadí na kvízu
Konečné umístění týmu na tomto kvízu.
Zaznamenané odpovědi
| # | Otázka | Odpověď | Body | Výsledky |
|---|---|---|---|---|
| 1. | Který 63letý muž se ve čtvrtek... | Jiří Kajínek | 0 | |
| 2. | Papež František schválil svato... | Boží influencer | 0 | |
| 3. | V minulém týdnu česká média in... | Jeremy Clarkson | 0 | |
| 4. | V pondělí se podíval do vesmír... | nejstarší člověk ve vesmíru | 1 | |
| 5. | Který klub, jenž byl ještě ned... | Příbram | 0 | |
| 6. | Středověk bývá obvykle ohranič... | D | 0 | |
| 7. | Jak se jmenoval významný střed... | Magna Carta (Magna charta libertatum) | 0 | |
| 8. | Přemyslovci v českých zemích v... | C | 0 | |
| 9. | Vytvořte z těchto středověkých... | 1D 2C 3B 4A | 0 | |
| 10. | Závěrem tématu se podíváme na... | šlojíř, šlář | 0 |